Southville International School and Colleges
Your cart is empty.
  • Cart
  • Lists
    Public lists Eva Luna New books Lux_list list_1
    Your lists Log in to create your own lists
  • Log in to your account
  • Your cookies
  • Search history
Southville International School and Colleges
  • Advanced search
  • Recent comments
  • Most popular
  • Libraries

Log in to your account

Log in with GOOGLE


If you do not have an external account, but do have a local account, you can still log in:

  1. Home
  2. MARC view: Favorite tales from Grimm /:
Normal view MARC view ISBD view

Favorite tales from Grimm /: (Record no. 293668)

[ view plain ]
MARC details
000 -LEADER
fixed length control field 01457cam a2200361 a 4500
001 - CONTROL NUMBER
control field 3752714
003 - CONTROL NUMBER IDENTIFIER
control field 3752714
005 - DATE AND TIME OF LATEST TRANSACTION
control field 20160419142011.0
008 - FIXED-LENGTH DATA ELEMENTS--GENERAL INFORMATION
fixed length control field 820401s1982 nyua j 000 0 eng
010 ## - LIBRARY OF CONGRESS CONTROL NUMBER
LC control number 82070410
020 ## - INTERNATIONAL STANDARD BOOK NUMBER
International Standard Book Number 0590077910
040 ## - CATALOGING SOURCE
Original cataloging agency DLC
Transcribing agency DLC
Modifying agency DLC
041 1# - LANGUAGE CODE
Language code of text/sound track or separate title engger
042 ## - AUTHENTICATION CODE
Authentication code lcac
043 ## - GEOGRAPHIC AREA CODE
Geographic area code e-gx---
050 00 - LIBRARY OF CONGRESS CALL NUMBER
Classification number ER R11
082 00 - DEWEY DECIMAL CLASSIFICATION NUMBER
Classification number 398.2/1/0943
130 0# - MAIN ENTRY--UNIFORM TITLE
Uniform title Kinder- und Hausmärchen.
Form subheading Selections.
Language of a work English.
245 10 - TITLE STATEMENT
Title Favorite tales from Grimm /:
Remainder of title Rapunzel
Statement of responsibility, etc illustrated by Mercer Mayer ; text retold by Nancy Garden.
260 ## - PUBLICATION, DISTRIBUTION, ETC. (IMPRINT)
Place of publication, distribution, etc New York :
Name of publisher, distributor, etc Four Winds Press,
Date of publication, distribution, etc c1995.
300 ## - PHYSICAL DESCRIPTION
Extent 224 p. :
Other physical details ill. ;
Dimensions 24 cm.
500 ## - GENERAL NOTE
General note Translation of selected tales from: Kinder- und Hausmärchen.
505 0# - FORMATTED CONTENTS NOTE
Formatted contents note Little Snow White -- Rumplestiltskin -- The two brothers -- Allerleirauh -- The goose girl -- Little Red Cap -- The Bremen town musicians -- Snow White and Rose Red -- Fundevogel -- Rapunzel -- Hansel and Gretel -- The fisherman and his wife -- The valiant little tailor -- Little Briar Rose -- Thumbling -- The golden bird -- Cinderella -- The six swans -- The girl without hands -- Fitcher's bird.
650 #0 - SUBJECT ADDED ENTRY--TOPICAL TERM
Topical term or geographic name as entry element Fairy tales
Geographic subdivision Germany.
650 #1 - SUBJECT ADDED ENTRY--TOPICAL TERM
Topical term or geographic name as entry element Fairy tales.
650 #1 - SUBJECT ADDED ENTRY--TOPICAL TERM
Topical term or geographic name as entry element Folklore
Geographic subdivision Germany.
700 1# - ADDED ENTRY--PERSONAL NAME
Personal name Mayer, Mercer,
Dates associated with a name 1943-
700 1# - ADDED ENTRY--PERSONAL NAME
Personal name Grimm, Jacob,
Dates associated with a name 1785-1863.
700 1# - ADDED ENTRY--PERSONAL NAME
Personal name Grimm, Wilhelm,
Dates associated with a name 1786-1859.
700 1# - ADDED ENTRY--PERSONAL NAME
Personal name Garden, Nancy.
942 ## - ADDED ENTRY ELEMENTS (KOHA)
Source of classification or shelving scheme Dewey Decimal Classification
Koha item type Books
Holdings
Withdrawn status Lost status Source of classification or shelving scheme Damaged status Home library Current library Shelving location Date acquired Source of acquisition Total Checkouts Full call number Barcode Date last seen Price effective from Koha item type
    Dewey Decimal Classification   Munich Library Munich Library Easy Reading Section 04/19/2016 Donation   ER R11 1995 M3087 04/19/2016 04/19/2016 Books

Favorite tales from Grimm /:

APA

Mayer M., Grimm J., Grimm W. & Garden N. (1995). Favorite tales from Grimm. New York: Four Winds Press.

Chicago

Mayer Mercer, Grimm Jacob, Grimm Wilhelm and Garden Nancy. 1995. Favorite tales from Grimm. New York: Four Winds Press.

Harvard

Mayer M., Grimm J., Grimm W. and Garden N. (1995). Favorite tales from Grimm. New York: Four Winds Press.

MLA

Mayer Mercer, Grimm Jacob, Grimm Wilhelm and Garden Nancy. Favorite tales from Grimm. New York: Four Winds Press. 1995.

  • Place hold
  • Print
  • Cite
  • Add to your cart (remove)
  • Save record
    BIBTEX Dublin Core MARCXML MARC (non-Unicode/MARC-8) MARC (Unicode/UTF-8) MARC (Unicode/UTF-8, Standard) MODS (XML) RIS
  • More searches
    Search for this title in:
    Other Libraries (WorldCat) Other Databases (Google Scholar) Online Stores (Bookfinder.com) Open Library (openlibrary.org)

Exporting to Dublin Core...

SOUTHVILLE LIBRARY

Southville International School and Colleges Library

1281 Tropical Ave. Cor. Luxembourg St., BF Homes International, Las Pinas City

Tel. No. 8256374 / 252358 Loc. 117/146

Powered by Koha